| 000 | 00529nam a22001577a 4500 | ||
|---|---|---|---|
| 003 | NUST | ||
| 038 | _aNusrat Nadeem | ||
| 082 | _a200 | ||
| 100 |
_aYasmin, Anum _9127668 |
||
| 245 |
_aEffort Estimation in Crowdsourced Software Development for Effective Project Management/ _cAnum Yasmin, |
||
| 264 |
_aIslamabad; _bCEME NUST; _c2024. |
||
| 650 |
_aPhD- Computer Software Engineering _9124478 |
||
| 700 | _aSupervisor: Dr. Wasi Haider Butt | ||
| 856 | _u http://10.250.8.41:8080/xmlui/handle/123456789/48036 | ||
| 942 |
_2ddc _cSC |
||
| 999 |
_c612762 _d612762 |
||